| 000 | 00366nam a22001337a 4500 | ||
|---|---|---|---|
| 008 | 250310b |||||||| |||| 00| 0 eng d | ||
| 020 | _a97811529762617 | ||
| 050 |
_aR733 _b.K67 |
||
| 100 | _aKordowicz Maria | ||
| 245 | _aQuality Improvement in Heath Care ,A Quide for Students and Practitioners | ||
| 260 |
_aLondon _bSage _c2023 |
||
| 300 | _aviii,158p | ||
| 942 | _cBK | ||
| 999 |
_c2204 _d2204 |
||